| 000 | 00337 a2200133 4500 | ||
|---|---|---|---|
| 999 |
_c325229 _d325229 |
||
| 001 | 90156 | ||
| 003 | NUST | ||
| 082 | _a891.4393 MAN | ||
| 100 |
_aMansoor Abul Hassan _99788 |
||
| 245 |
_aAlif Laila Kay Shahkar Qissay _hUrdu |
||
| 260 |
_aLahore _bAl-Faisal Nashran _c2012 |
||
| 300 | _a1291 p. | ||
| 500 | _aGeneral Books | ||
| 942 |
_aCAE NUST _cBK _k891.4393 MAN _2ddc |
||